Drake: Complete Discography - Statistics

General Stats
  • This quiz has been taken 118 times
    111 since last reset
  • The average score is 84 of 500
Answer Stats
Album Song % Correct
Scorpion God's Plan
78%
Take Care Take Care
70%
Views Views
70%
Thank Me Later Over
65%
More Life Passionfruit
65%
Views (Bonus) Hotline Bling
61%
2009 The One
59%
$ome $exy $ongs 4 U Nokia
57%
Views One Dance
57%
Take Care Headlines
54%
Honestly, Nevermind Jimmy Cooks
52%
So Far Gone Best I Ever Had
50%
Certified Lover Boy Champagne Poetry
50%
Thank Me Later Fancy
50%
Nothing Was The Same Hold On, We're Going Home
50%
What A Time To Be Alive Jumpman
50%
Take Care Marvin's Room
50%
Views 9
48%
Scorpion In My Feelings
48%
$ome $exy $ongs 4 U CN Tower
46%
Take Care Crew Love
46%
Thank Me Later Fireworks
46%
Take Care (Bonus) The Motto
46%
If You're Reading This It's Too Late Jungle
43%
Take Care Over My Dead Body
43%
Views Too Good
43%
Care Package Trust Issues
43%
If You're Reading This It's Too Late Energy
41%
Scorpion Nonstop
41%
For All The Dogs Slime You Out
41%
For All The Dogs Virginia Beach
41%
If You're Reading This It's Too Late 6PM In New York
39%
Nothing Was The Same Pound Cake / Paris Morton Music 2
39%
For All The Dogs Rich Baby Daddy
39%
Dark Lane Demo Tapes Chicago Freestyle
37%
For All The Dogs First Person Shooter
37%
Take Care HYFR / Hell Ya Fucking Right
37%
Certified Lover Boy Knife Talk
37%
Scorpion Nice For What
37%
Her Loss Rich Flex
37%
Honestly, Nevermind Texts Go Green
37%
Certified Lover Boy TSU
37%
Nothing Was The Same Tuscan Leather
37%
Certified Lover Boy Way 2 Sexy
37%
Take Care Cameras / Good Ones Go
35%
$ome $exy $ongs 4 U Die Trying
35%
Certified Lover Boy Fair Trade
35%
Take Care Lord Knows
35%
Dark Lane Demo Tapes Not You Too
35%
Take Care Shot For Me
35%
2018 Sicko Mode
35%
Honestly, Nevermind Sticky
35%
Thank Me Later The Resistance
35%
Dark Lane Demo Tapes Toosie Slide
35%
Take Care Under Ground Kings
35%
Views Weston Road Flows
35%
For All The Dogs Bahamas Promises
33%
Scorpion Don't Matter To Me
33%
Soundtracks Forever
33%
So Far Gone Houstatlantavegas
33%
Honestly, Nevermind Massive
33%
Scorpion Sandra's Rose
33%
Take Care The Ride
33%
Care Package 5AM In Toronto
30%
Views Controlla
30%
What A Time To Be Alive Diamonds Dancing
30%
More Life Do Not Disturb
30%
Singles Family Matters
30%
Nothing Was The Same From Time
30%
Certified Lover Boy Girls Want Girls
30%
Thank Me Later Karaoke
30%
Take Care Look What You've Done
30%
100 Gigs (Bonus) No Face
30%
Views Summers Over Interlude
30%
Certified Lover Boy Yebba's Heartbreak
30%
What A Time To Be Alive 30 For 30
28%
More Life 4422
28%
If You're Reading This It's Too Late 6 God
28%
Views Feel No Ways
28%
Honestly, Nevermind Flight's Booked
28%
More Life Get It Together
28%
Scorpion Jaded
28%
If You're Reading This It's Too Late Legend
28%
Her Loss Middle Of The Ocean
28%
Room For Improvement Money
28%
Her Loss On BS
28%
Dark Lane Demo Tapes Pain 1993
28%
Certified Lover Boy Pipe Down
28%
More Life Portland
28%
If You're Reading This It's Too Late Star67
28%
2016 Work
28%
More Life Blem
26%
Thank Me Later Cece's Interlude
26%
Views Childs Play
26%
Scorpion Emotionless
26%
Thank Me Later Find Your Love
26%
More Life Gyalchester
26%
Views Hype
26%
For All The Dogs IDGAF
26%
Comeback Season | Honestly, Nevermind | Room For Improvement Intro
26%
More Life Jorja Interlude
26%
Her Loss Jumbotron Shit Poppin
26%
Views Keep The Family Close
26%
If You're Reading This It's Too Late Know Yourself
26%
Certified Lover Boy Love All
26%
Take Care Make Me Proud
26%
$ome $exy $ongs 4 U Moth Balls
26%
Certified Lover Boy N 2 Deep
26%
Certified Lover Boy Papi's Home
26%
$ome $exy $ongs 4 U Somebody Loves Me
26%
$ome $exy $ongs 4 U Spider-Man Superman
26%
Nothing Was The Same Started From The Bottom
26%
For All The Dogs (Bonus) Stories About My Brother
26%
Care Package | Nothing Was The Same (Bonus) The Motion
26%
Dark Lane Demo Tapes Time Flies
26%
Thank Me Later Unforgettable
26%
For All The Dogs 8AM In Charlotte
24%
Care Package Club Paradise
24%
Take Care Doing It Wrong
24%
$ome $exy $ongs 4 U Gimme A Hug
24%
$ome $exy $ongs 4 U Greedy
24%
Her Loss Hours In Silence
24%
So Far Gone Lust For Life
24%
Her Loss Major Distribution
24%
$ome $exy $ongs 4 U Meet Your Padre
24%
Scorpion Mob Ties
24%
Care Package Paris Morton Music
24%
Take Care Practice
24%
Her Loss Pussy & Millions
24%
Certified Lover Boy Race My Mind
24%
More Life Teenage Fever
24%
If You're Reading This It's Too Late You & The 6
24%
If You're Reading This It's Too Late 10 Bands
22%
Care Package 4PM In Calabasas
22%
If You're Reading This It's Too Late 6 Man
22%
For All The Dogs 7969 Santa
22%
Certified Lover Boy 7AM On Bridle Path
22%
Scorpion 8 Out Of 10
22%
Her Loss BackOutsideBoyz
22%
Scorpion Blue Tint
22%
Take Care Buried Alive Interlude
22%
Her Loss Circo Loco
22%
Nothing Was The Same (Bonus) Come Thru
22%
For All The Dogs Drew A Picasso
22%
More Life Fake Love
22%
Scorpion Finesse
22%
Certified Lover Boy Get Along Better
22%
More Life Glow
22%
More Life Ice Melts
22%
Certified Lover Boy In The Bible
22%
Singles Laugh Now Cry Later
22%
Scary Hours 2 Lemon Pepper Freestyle
22%
2020 Life Is Good
22%
Thank Me Later Light Up
22%
2018 Mia
22%
The Best In The World Pack Omertà
22%
2014 Only
22%
Scorpion Peak
22%
If You're Reading This It's Too Late Preach
22%
More Life Skepta Interlude
22%
2012 Stay Schemin'
22%
Take Care The Real Her
22%
For All The Dogs Tried Our Best
22%
Scary Hours 2 What's Next
22%
For All The Dogs (Bonus) You Broke My Heart
22%
Her Loss Broke Boys
20%
100 Gigs (Bonus) Circadian Rhythm
20%
If You're Reading This It's Too Late Company
20%
What A Time To Be Alive Digital Dash
20%
So Far Gone (Bonus) Fear
20%
Views Fire & Desire
20%
Nothing Was The Same Furthest Thing
20%
Views Grammys
20%
Certified Lover Boy IMY2
20%
100 Gigs It's Up
20%
So Far Gone Let's Call It Off
20%
If You're Reading This It's Too Late Madonna
20%
If You're Reading This It's Too Late No Tellin'
20%
So Far Gone Outro
20%
Thank Me Later Show Me A Good Time
20%
Views Still Here
20%
So Far Gone Successful
20%
Scorpion Survival
20%
Thank Me Later Thank Me Now
20%
Nothing Was The Same Too Much
20%
Room For Improvement U.P.A.
20%
Scary Hours 2 Wants And Needs
20%
Dark Lane Demo Tapes War
20%
Take Care We'll Be Fine
20%
2010 | Views With You
20%
Nothing Was The Same Wu-Tang Forever
20%
Certified Lover Boy You Only Live Twice
20%
Nothing Was The Same (Bonus) All Me
17%
What A Time To Be Alive Big Rings
17%
$ome $exy $ongs 4 U Brian Steel
17%
So Far Gone Bria's Interlude
17%
Comeback Season Comeback Season
17%
Scorpion Elevate
17%
Certified Lover Boy Fucking Fans
17%
2020 Greece
17%
So Far Gone Ignant Shit
17%
2011 I'm On One
17%
Scorpion I'm Upset
17%
More Life KMT
17%
2018 Look Alive
17%
2013 Love Me
17%
$ome $exy $ongs 4 U Pimmie's Dilemma
17%
2013 Poetic Justice
17%
Her Loss Privileged Rappers
17%
Singles Push Ups
17%
$ome $exy $ongs 4 U Raining In Houston
17%
What A Time To Be Alive Scholarships
17%
2011 She Will
17%
Scorpion Summer Games
17%
Nothing Was The Same The Language
17%
For All The Dogs (Bonus) The Shoe Fits
17%
Her Loss Treacherous Twins
17%
2014 Trophies
17%
Thank Me Later Up All Night
17%
2010 What's My Name?
17%
Scorpion After Dark
15%
2012 | For All The Dogs Amen
15%
So Far Gone A Night Off
15%
$ome $exy $ongs 4 U Celibacy
15%
So Far Gone (Bonus) Congratulations
15%
Honestly, Nevermind Currents
15%
Dark Lane Demo Tapes Desires
15%
Care Package Draft Day
15%
Honestly, Nevermind Falling Back
15%
Scorpion Final Fantasy
15%
More Life Free Smoke
15%
Care Package Girls Love Beyonce
15%
Her Loss I Guess It's Fuck Me
15%
Care Package Jodeci Freestyle
15%
So Far Gone Little Bit
15%
What A Time To Be Alive Live From The Gutter
15%
More Life Madiba Riddim
15%
2023 Meltdown
15%
Thank Me Later Miss Me
15%
The Best In The World Pack Money In The Grave
15%
Certified Lover Boy No Friends In The Industry
15%
2019 No Guidance
15%
So Far Gone November 18th
15%
Views Pop Style
15%
Scorpion Ratchet Happy Birthday
15%
For All The Dogs (Bonus) Red Button
15%
More Life Sacrifices
15%
Thank Me Later Shut It Down
15%
$ome $exy $ongs 4 U Something About You
15%
Her Loss Spin Bout U
15%
So Far Gone The Calm
15%
Certified Lover Boy The Remorse
15%
So Far Gone Uptown
15%
If You're Reading This It's Too Late Used To
15%
Views U With Me?
15%
2015 100
13%
Nothing Was The Same 305 To My City
13%
Honestly, Nevermind A Keeper
13%
Scorpion Can't Take A Joke
13%
Nothing Was The Same Connect
13%
Dark Lane Demo Tapes D4L
13%
Dark Lane Demo Tapes Deep Pockets
13%
Views Faithful
13%
For All The Dogs Fear Of Heights
13%
Certified Lover Boy Fountains
13%
Dark Lane Demo Tapes From Florida With Love
13%
For All The Dogs Gently
13%
2019 Going Bad
13%
Dark Lane Demo Tapes Landed
13%
Dark Lane Demo Tapes Losses
13%
2020 Mr. Right Now
13%
More Life Nothings Into Somethings
13%
If You're Reading This It's Too Late Now & Forever
13%
$ome $exy $ongs 4 U OMW
13%
Honestly, Nevermind Overdrive
13%
For All The Dogs Polar Opposites
13%
2014 Recognize
13%
Views Redemption
13%
Singles Search & Rescue
13%
More Life Since Way Back
13%
$ome $exy $ongs 4 U Small Town Fame
13%
Scorpion Talk Up
13%
Scorpion That's How You Feel
13%
If You're Reading This It's Too Late Wednesday Night Interlude
13%
Nothing Was The Same Worst Behavior
13%
So Far Gone Brand New
11%
For All The Dogs Calling For You
11%
Care Package Can I
11%
What A Time To Be Alive Change Locations
11%
2016 Come And See Me
11%
$ome $exy $ongs 4 U Crying In Chanel
11%
For All The Dogs Daylight
11%
Care Package Days In The East
11%
Dark Lane Demo Tapes Demons
11%
Honestly, Nevermind Down Hill
11%
Care Package How Bout Now
11%
Scorpion Is There More
11%
$ome $exy $ongs 4 U Lasers
11%
Honestly, Nevermind Liability
11%
More Life Lose You
11%
Scorpion March 14
11%
Her Loss More M's
11%
2023 Oh U Went
11%
Nothing Was The Same Own It
11%
What A Time To Be Alive Plastic Bag
11%
2013 Right Here
11%
So Far Gone Sooner Than Later
11%
2012 The Zone
11%
Honestly, Nevermind Tie That Binds
11%
For All The Dogs What Would Pluto Do
11%
Dark Lane Demo Tapes When To Say When
11%
For All The Dogs Another Late Night
9%
For All The Dogs BBL Love
9%
2015 Blessings
9%
Honestly, Nevermind Calling My Name
9%
More Life Can't Have Everything
9%
Scary Hours Diplomatic Immunity
9%
Care Package Dreams Money Can Buy
9%
For All The Dogs (Bonus) Evil Ways
9%
2012 Fuckin' Problems
9%
100 Gigs Housekeeping Knows
9%
If You're Reading This It's Too Late (Bonus) How About Now
9%
Care Package I Get Lonely
9%
What A Time To Be Alive I'm The Plug
9%
2011 In The Morning
9%
For All The Dogs Members Only
9%
Duets / Collaborations Never Recover
9%
2017 No Complaints
9%
More Life No Long Talk
9%
2018 No Stylist
9%
2020 Popstar
9%
So Far Gone Say What's Real
9%
Singles Summer Sixteen
9%
So Far Gone Unstoppable
9%
2022 Wait For U
9%
2018 Walk It Talk It
9%
2023 Who Told You
9%
For All The Dogs (Bonus) Wick Man
9%
Duets / Collaborations Yes Indeed
9%
Room For Improvement About The Game
7%
For All The Dogs All The Parties
7%
Room For Improvement All This Love
7%
Room For Improvement AM 2 PM
7%
Room For Improvement A Scorpio's Mind
7%
For All The Dogs Away From Home
7%
Singles Back To Back
7%
Room For Improvement Bad Meaning Good
7%
2017 Both
7%
Room For Improvement City Is Mine
7%
Comeback Season Closer
7%
Room For Improvement Come Winter
7%
2012 Diced Pineapples
7%
2014 DnF
7%
Room For Improvement Do What You Do
7%
2016 For Free
7%
Care Package | Singles Free Spirit
7%
Comeback Season Going In For Life
7%
Take Care (Bonus) Hate Sleeping Alone
7%
Room For Improvement Kick, Push
7%
2019 Loyal
7%
Room For Improvement Make Things Right
7%
2010 Moment 4 Life
7%
2023 Needle
7%
2013 Over Here
7%
2021 Over The Top
7%
Room For Improvement Pianist Hands
7%
Comeback Season Replacement Girl
7%
2015 R.I.C.O.
7%
For All The Dogs Screw The World
7%
Room For Improvement Special
7%
2021 Stars Align
7%
2022 Staying Alive
7%
Room For Improvement S.T.R.E.S.S.
7%
Room For Improvement Thrill Is Gone
7%
2015 Truffle Butter
7%
Room For Improvement Try Harder
7%
Singles Two Birds, One Stone
7%
2016 Used To This
7%
2024 Uuugly
7%
Room For Improvement Video Girl
7%
$ome $exy $ongs 4 U When He's Gone
7%
Singles 0 To 100 / The Catch Up
4%
Thank Me Later (Bonus) 9AM In Dallas
4%
Comeback Season Asthma Team
4%
2010 Aston Martin Music
4%
Comeback Season Barry Bonds
4%
2014 Believe Me
4%
Comeback Season Bitch Is Crazy
4%
100 Gigs Blue Green Red
4%
Duets / Collaborations Bubbly
4%
2022 Churchill Downs
4%
Comeback Season Don't U Have A Man
4%
Comeback Season Do What U Do
4%
Comeback Season Easy To Please
4%
Room For Improvement Extra Special
4%
Comeback Season Faded
4%
Comeback Season Give Ya
4%
$ome $exy $ongs 4 U Glorious
4%
2019 Gold Roses
4%
2024 Hot Uptown
4%
Comeback Season Man Of The Year
4%
2013 Mine
4%
Comeback Season Missin' You
4%
Comeback Season Must Hate Money
4%
Comeback Season (Bonus) New Shit
4%
2013 No New Friends
4%
2016 No Shopping
4%
Duets / Collaborations Only You Freestyle
4%
Duets / Collaborations On The Radar
4%
2011 Poppin Bottles
4%
2022 P Power
4%
Duets / Collaborations Seeing Green
4%
Comeback Season Share
4%
2024 Sideways
4%
Singles Sneakin'
4%
Comeback Season Teach U A Lesson
4%
Comeback Season The Last Hope
4%
Comeback Season The Presentation
4%
Comeback Season (Bonus) | Singles The Winner
4%
Comeback Season Think Good Thoughts
4%
Comeback Season Underdog
4%
2023 We Caa Done
4%
Comeback Season Where To Now
4%
2015 Where Ya At
4%
2016 Why You Always Hatin?
4%
2016 Back On Road
2%
2020 B.B. King Freestyle
2%
Soundtracks Behind Barz
2%
2016 Big Amount
2%
2018 Bigger Than You
2%
2017 Bring It Back
2%
2011 Celebration
2%
Singles Charged Up
2%
2017 Come Closer
2%
2019 Ela É do Tipo
2%
2012 Enough Said
2%
2018 Flip The Switch
2%
2010 Gonorrhea
2%
2014 Grindin'
2%
2021 Having Our Way
2%
Care Package Heat Of The Moment
2%
So Far Gone (Bonus) I'm Goin' In
2%
2013 Know Bout Me
2%
2013 Live For
2%
2015 My Love
2%
Care Package | If You're Reading This It's Too Late (Bonus) My Side
2%
2013 No Guns Allowed
2%
2012 No Lie
2%
2014 Odio
2%
2020 Oprah's Bank Account
2%
2020 Outta Time
2%
2023 Parade On Cleveland
2%
2012 Pop That
2%
2010 Right Above It
2%
Singles Right Hand
2%
Singles Signs
2%
2021 Talk To Me
2%
2017 To The Max
2%
2014 Tuesday
2%
2020 Twist & Turn
2%
Duets / Collaborations U My Everything
2%
2021 Wasting Time
2%
2014 Who Do You Love?
2%
2019 Won't Be Late
2%
2009 4 My Town / Play Ball
0%
2021 Betrayal
0%
2013 Cabaret
0%
2010 Fall For Your Type
0%
2009 Fed Up
0%
2011 Feel Love
0%
2013 I Do It
0%
2009 I Get Paper
0%
2009 I Invented Sex
0%
2011 It's Good
0%
2010 Loving You No More
0%
2011 Made Men
0%
2024 Modo Capone
0%
2009 Money To Blow
0%
2011 Mr. Wrong
0%
2014 Never Satisfied
0%
Duets / Collaborations No Frauds
0%
2022 No Secret
0%
2009 Off That
0%
2010 Put It Down
0%
2011 Round Of Applause
0%
2009 Say Something
0%
2011 So Good
0%
2021 Solid
0%
2011 Still Got It
0%
2011 Unusual
0%
2010 What Up
0%
2010 You Got Me
0%
No matching quizzes found
Score Distribution
Percent of People with Each Score
Percentile by Number Answered
Your Score History
You have not taken this quiz since the last reset